Guess the One Direction song with no hints #19 - Statistics

General Stats
  • This quiz has been taken 51 times
  • The average score is 283 of 334
Answer Stats
Answer % Correct
I
100%
(I
100%
you
100%
You
100%
be
97%
the
97%
it
94%
me
94%
to
94%
and
92%
And
92%
is
92%
Yeah,
92%
yeah)
92%
your
92%
But
89%
don't,
89%
don't
89%
know
89%
my
89%
what
89%
You're
89%
can't
86%
I'm
86%
I've
86%
of
86%
on,
86%
one
86%
So
86%
That
86%
that
86%
when
86%
you've
86%
You've
86%
all
83%
All
83%
Cause
83%
day
83%
ever
83%
get
83%
Get
83%
(Get
83%
got
83%
head
83%
head,
83%
into
83%
need
83%
night
83%
now
83%
Now
83%
out
83%
out,
83%
(Out
83%
thing
83%
thing)
83%
with
83%
arms
81%
at
81%
fall
81%
heart
81%
instead
81%
(Instead)
81%
just
81%
make
81%
mind
78%
mind)
78%
name
78%
come
75%
gotta
75%
lookin'
75%
makin'
75%
sky
75%
Something's
75%
here
72%
keep
72%
see
72%
weak
72%
dyin'
69%
goin'
69%
kryptonite
69%
walls
69%
breathe
67%
life
67%
climbing
64%
cool
64%
notice
64%
playin'
64%
give
61%
Shot
61%
brave
58%
tried
58%
frozen
56%
race
53%
(Woah,
47%
woah,
47%
woah)
47%
No matching quizzes found
Score Distribution
Percent of People with Each Score
Percentile by Number Answered
Your Score History
You have not taken this quiz